000 00526nam a2200181Ia 4500
001 13364
005 20260306164756.0
008 260306t2007||||xx |||||||||||||| ||spa||
041 _aESP
082 _a001.420711
_bC24
100 _aCamargo Hermosilla, Raúl
_eAUT
245 0 _aLa monografía universitariA:
_bguía metodológica para la elaboración de monografías y resumen ejecutivo académico
260 _c2007
300 _a126 páginas :
_c24 cm.
650 _aGEN
654 _aCHU
942 _cLIB
_dJUS
_fJUS
_2ddc
_n
999 _c13364
_d13364